000 00503nam a2200217Ia 4500
003 OSt
005 20221007082320.0
006 a|||||r|||| 00| 0
007 ta
008 221006b |||||||| |||| 00| 0 eng d
024 _a20,961
037 _cTextual
040 _aFLL
_cFLL
_beng
041 _2eng
_aeng
082 _aV2:20j3(Q), K6
100 _aSharma
245 0 _aSecularism
260 _c1966
942 _hV2:20j3(Q), K6
_cTEXL
_2CC
999 _c1166035
_d1166035